<?xml version="1.0" encoding="UTF-8"?><?xml-stylesheet type="text/xsl" href="static/style.xsl"?><OAI-PMH xmlns="http://www.openarchives.org/OAI/2.0/" xmlns:xsi="http://www.w3.org/2001/XMLSchema-instance" xsi:schemaLocation="http://www.openarchives.org/OAI/2.0/ http://www.openarchives.org/OAI/2.0/OAI-PMH.xsd"><responseDate>2026-05-14T06:37:38Z</responseDate><request verb="GetRecord" identifier="oai:riubu.ubu.es:10259/11121" metadataPrefix="marc">https://riubu.ubu.es/oai/request</request><GetRecord><record><header><identifier>oai:riubu.ubu.es:10259/11121</identifier><datestamp>2025-12-12T01:05:42Z</datestamp><setSpec>com_10259_9795</setSpec><setSpec>com_10259_5086</setSpec><setSpec>com_10259_2604</setSpec><setSpec>col_10259_9796</setSpec></header><metadata><record xmlns="http://www.loc.gov/MARC21/slim" xmlns:doc="http://www.lyncode.com/xoai" xmlns:xsi="http://www.w3.org/2001/XMLSchema-instance" xmlns:dcterms="http://purl.org/dc/terms/" xsi:schemaLocation="http://www.loc.gov/MARC21/slim http://www.loc.gov/standards/marcxml/schema/MARC21slim.xsd">
<leader>00925njm 22002777a 4500</leader>
<datafield tag="042" ind1=" " ind2=" ">
<subfield code="a">dc</subfield>
</datafield>
<datafield tag="720" ind1=" " ind2=" ">
<subfield code="a">Bernal López-Sanvicente, María Amparo</subfield>
<subfield code="e">author</subfield>
</datafield>
<datafield tag="260" ind1=" " ind2=" ">
<subfield code="c">2023-10</subfield>
</datafield>
<datafield tag="520" ind1=" " ind2=" ">
<subfield code="a">El  objetivo  de  una  revisión  bibliográfica  de  Expresión  Gráfica  Arquitectónica  (EGA)  es  ofrecer un relato divulgativo de su marco teórico referencial, las líneas de investigación vigentes y la transferencia de conocimiento que esta área aporta a la sociedad. El carácter divulgativo del texto ha condicionado que las  referencias  seleccionadas  de  la  producción  científica  de  EGA  hayan  sido  los  libros.  Las  monografías  y publicaciones colectivas son la última fase en la divulgación de resultados de un proyecto de investigación. Tienen un contenido amplio y compendiado, sin embargo, el acceso a ese conocimiento es complejo porque muchos libros no tienen ediciones digitales y, por tanto, no están indexados como otras publicaciones científicas por el título o las palabras clave. Este texto ofrece las claves para construir una biblioteca actualizada en la cual está representada la diversidad temática de EGA que, desde su constitución en 1984, comprende la historia y teoría de Análisis de Formas, Geometría Descriptiva, Dibujo Arquitectónico, y la aplicación de sus procedimientos gráficos a estudios patrimoniales multidisciplinares.</subfield>
</datafield>
<datafield tag="520" ind1=" " ind2=" ">
<subfield code="a">The objective of this bibliographic review of Architectural Graphic Expression (EGA) in the six-year period 2017-2022 is to offer an informative account of its referential theoretical framework, current lines of research and the knowledge transfer from this area of the Spanish university to society. The scientific production by EGA professors in Spain is disseminated through articles in scientific journals and other means of sharing knowledge such as books, congresses, exhibitions and other dissemination activities. Of these references, the books for this bibliographic review have been selected. The monographs and collective publications are the last phase in the communication of the results of a research project. They have a broad and summarised content but accessing it to that knowledge is complex since  because many books do not have open digital editions and, therefore, are not indexed by title or keywords like other scientific publications. This text offers the keys to create an updated library where the thematic diversity of EGA is represented, which, since its constitution in 1984, includes history and theory of Shape Analysis, Descriptive Geometry, Architectural Drawing, and the application of its graphic procedures to multidisciplinary heritage research.</subfield>
</datafield>
<datafield tag="024" ind2=" " ind1="8">
<subfield code="a">2341-3050</subfield>
</datafield>
<datafield tag="024" ind2=" " ind1="8">
<subfield code="a">https://hdl.handle.net/10259/11121</subfield>
</datafield>
<datafield tag="024" ind2=" " ind1="8">
<subfield code="a">10.4995/vlc.2023.19416</subfield>
</datafield>
<datafield tag="024" ind2=" " ind1="8">
<subfield code="a">2341-2747</subfield>
</datafield>
<datafield ind1=" " ind2=" " tag="653">
<subfield code="a">Expresión gráfica arquitectónica</subfield>
</datafield>
<datafield ind1=" " ind2=" " tag="653">
<subfield code="a">Transferencia de conocimiento</subfield>
</datafield>
<datafield ind1=" " ind2=" " tag="653">
<subfield code="a">Investigación</subfield>
</datafield>
<datafield ind1=" " ind2=" " tag="653">
<subfield code="a">Bibliografía</subfield>
</datafield>
<datafield ind1=" " ind2=" " tag="653">
<subfield code="a">Divulgación científica</subfield>
</datafield>
<datafield ind1=" " ind2=" " tag="653">
<subfield code="a">Architectural graphic expression</subfield>
</datafield>
<datafield ind1=" " ind2=" " tag="653">
<subfield code="a">Research</subfield>
</datafield>
<datafield ind1=" " ind2=" " tag="653">
<subfield code="a">Knowledge transfer</subfield>
</datafield>
<datafield ind1=" " ind2=" " tag="653">
<subfield code="a">Bibliography</subfield>
</datafield>
<datafield ind1=" " ind2=" " tag="653">
<subfield code="a">Scientific dissemination</subfield>
</datafield>
<datafield tag="245" ind1="0" ind2="0">
<subfield code="a">Bibliografía de Expresión Gráfica Arquitectónica 2017-2022</subfield>
</datafield>
</record></metadata></record></GetRecord></OAI-PMH>